01583nam a22002537a 4500008004100000020001800041040000800059041000800067050002900075100002700104245008700131260002900218300006100247520078700308650002101095650002001116650002101136650003301157655001901190655003401209655002301243700003101266700003201297250709b |||||||| |||| 00| 0 eng d a9780751583700 ctbs aeng aPS3618.E57275 bH53 2022 aRekulak, Jasoneauthor aHidden pictures c/ Jason Rekulak ; illustrated by Will Staehle and Doogie Horner. aLondon :bSphere,c2023. a387 pages : billustrations (black and white) ; c20 cm. aMallory is delighted to have a new job looking after gorgeous four-year-old, Teddy. She’s been sober for a year and a half and she’s sure her new nannying role in the affluent suburbs will help keep her on the straight and narrow. That is until Teddy starts to draw disturbing pictures of his imaginary friend, Anya. It is quite clear to Mallory and to Teddy’s parents, even in his crude childlike style, that the woman Teddy is drawing in his pictures is dead. Teddy’s crayons are confiscated, and his paper locked away. But the drawings somehow keep coming, telling a frightening story of a woman murdered… and they’re getting more sophisticated. But if Teddy isn’t drawing the pictures anymore, who is? And what are they trying to tell Mallory about her new home? 0aNanniesvFiction 0aMurdervFiction 0aSecrecyvFiction 0aChildren's drawingsvFiction 0aHorror fiction 0aDetective and mystery fiction 0aParanormal fiction aStaehle, Willeillustrator aHorner, Doogieeillustrator